000 00634nam a22001937a 4500
003 CEME
005 20210628202344.0
008 210121b xxu||||| |||| 00| 0 eng d
020 _a0-7106-26908
040 _c.
082 _a355-EPS JAN
100 _aAmraes, Michael.J.Gething
_959517
245 _aJanes electro-optic system 2005-2006
250 _a11TH
260 _aUNITED KINGDOM
_bJANES INFORMATION GROUP
_c2005
300 _a721P
650 _aJANES ELECTRO-OPTIC SYSTEM.SUBMARINE WEAPON CONTROL SYSTEMS.SHIP LAUNCHED MISSILES.SHIP WEAPON CONTROL SYSTEMS.AIR DEFENCE MISSILES.AIR DEFENCE GUNS.
_959518
942 _cBK
_2ddc
999 _c569476
_d569476